000 00399nam a22001697a 4500
003 CEME
005 20210628204206.0
008 210121b xxu||||| |||| 00| 0 eng d
040 _cceme
082 _a891.4393 HAM
100 _aHameed, A
_959074
245 _aDashat zada
260 _aLAHORE
_bRABIA
_c2002
300 _a335P
650 _aURDU ADAB-NOVEL-DASHAT ZADA
_969208
942 _cBK
_2ddc
999 _c576577
_d576577